African Independence Quiz - Statistics

General Stats
  • This quiz has been taken 568 times
  • The average score is 22 of 54
Answer Stats
Year Ruling Country Answer % Correct
1847 USA Liberia
95%
1941 Italy Ethiopia
83%
1956 UK/Egypt Sudan
81%
2011 Sudan South Sudan
80%
1910 UK South Africa
78%
1993 Ethiopia Eritrea
77%
1960 Belgium Democratic Republic of The Congo
74%
1990 South Africa Namibia
72%
1922 UK Egypt
71%
1975 Portugal Angola
61%
1956 France Morocco
59%
1975 Portugal Mozambique
58%
1956 France Tunisia
56%
1975 Portugal Cabo Verde
54%
1968 Spain Equatorial Guinea
54%
1975 Portugal Sao Tome and Principe
54%
1962 Belgium Rwanda
53%
1962 France Algeria
51%
1962 Belgium Burundi
51%
1957 UK Ghana
45%
1973 Portugal Guinea Bissau
43%
1980 UK Zimbabwe
42%
1951 UK Libya
36%
1960 UK Nigeria
35%
1960 France Senegal
35%
1963 UK Kenya
34%
1960 France Mali
34%
1960 France Cameroon
31%
1977 France Djibouti
31%
1958 France Guinea
31%
1976 UK Seychelles
31%
1960 France Niger
30%
1960 France Togo
29%
1960 France Chad
28%
1975 France Comoros
28%
1962 UK Uganda
27%
1964 UK Zambia
27%
1960 France Benin
26%
1961 UK Tanzania
26%
1966 UK Botswana
25%
1960 France Cote D Ivoire
25%
1965 UK Gambia
24%
1960 UK Somalia
24%
1960 France Central African Republic
23%
1964 UK Malawi
23%
1960 France Republic of The Congo
23%
1960 France Burkina Faso
22%
1960 France Madagascar
22%
1960 France Mauritania
21%
1961 UK Sierra Leone
21%
1968 UK ESwatini
20%
1960 France Gabon
20%
1966 UK Lesotho
20%
1968 UK Mauritius
20%
No matching quizzes found
Score Distribution
Percent of People with Each Score
Percentile by Number Answered
Your Score History
You have not taken this quiz